| LEADER |
01016nam0a2200193 450 |
| 001 |
16868163 |
| 010 |
|
|
|a 978-2-330-07535-4
|b rel.
|d 14,8
|
| 100 |
|
|
|a 20260328d2017 u u0frey01 ba
|
| 101 |
0 |
|
|a fre
|
| 102 |
|
|
|a FR
|
| 200 |
0 |
|
|a Cachés dans la jungle
|e cherche et trouve
|f Peggy Nille
|
| 207 |
|
1 |
|a
|
| 210 |
|
|
|a Arles (Bouches-du-Rhône)
|c Actes Sud junior
|d 2017
|
| 215 |
|
|
|a 1 vol. (non paginé [28] p.)
|c ill. en coul.
|d 33 cm
|
| 330 |
|
|
|a Dix paysages spectaculaires à scruter très attentivement : il sagira de retrouver les vingt animaux qui sy sont cachés, au milieu dune végétation luxuriante et colorée. Du lion royal au poisson volant en passant par le lézard malicieux et le gentil dinosaure, lenfant prendra plaisir à chercher et chercher encore les animaux et à observer une multitude de détails étonnants.
|
| 700 |
|
0 |
|a Nille
|b Peggy
|f 1972-....
|4 70
|
| 900 |
|
|
|a Album
|
| 901 |
|
|
|a Jeunesse
|
| 995 |
|
|
|a Médiathèque
|c Médiathèque
|f 089021812
|h 089021812
|k A NIL
|o p
|q j
|r az
|e Médiathèque
|